The Portuguese Disinflation Process: Analysis of Some Costs and Benefits

Enregistré dans:
Détails bibliographiques
Auteur principal: Duarte, António Portugal
Format: Chapitre de livre
Langue:anglais
Tags: Ajouter un tag
Pas de tags, Soyez le premier à ajouter un tag!

MARC

LEADER 00000naa a2200000 4500
001 0307147
005 20250219115125.4
041 0 |a eng 
044 |a PT 
245 1 0 |a The Portuguese Disinflation Process: Analysis of Some Costs and Benefits  |c António Portugal Duarte 
100 1 |a Duarte, António Portugal